00235nam a2200097 a 4500001000500000005001700005008004100022050001700063100001600080245004100096414020140414132035.0090218s19uu xx 00 eng d aTRbD67 2000 aCarle, Eric aDoes a kangaroo have a mother, too?.